Statistiques concernant Dynasties des Rois d'Angleterre.

Cliquez ici pour prendre le quiz!

Statistiques générales

  • Ce quiz a été pris 3 123 fois
    (2 587 depuis la dernière actualisation)
  • Le résultat moyen est 5 sur 11

Statistiques - réponses

DatesDynastiePremier monarqueDernier monarque% Correct
1917 -WindsorGeorge V...
81%
1485 - 1603TudorHenri VIIElisabeth Ière
72%
1216 - 1399PlantagenêtHenri IIIRichard II
58%
1603-1714StuartJacques IerAnne
52%
1399 - 1461LancasterHenri IVHenri VI
45%
1461 - 1470YorkEdouard IVEdouard IV
43%
1066 - 1135NormandieGuillaume IerHenri Ier
35%
1901 - 1917Saxe-Coburg-GothaEdouard VIIEdouard VII
31%
1714 - 1901HanoverGeorge IerVictoria
30%
1135 - 1154BloisEtienneEtienne
20%
1154 - 1216AnjouHenri IIJean
17%

Distribution des résultats

Percentile par nombre de réponses

% des personnes avec chaque résultat

Votre développement - résultats

Vous n’avez pas pris ce quiz depuis la dernière actualisation